00434pab a2200145 454500008004000000100001900040245009200059260000900151300001300160362001200173650003400185650003200219650001100251773002600262180718b2005 xxu||||| |||| 00| 0 eng d aSrinivasan, M. aRole of training in changing the attitude of police constabulary recruits in Tamil Nadu c2005 ap.31-38. aJul-Sep aTraining - India - Tamil Nadu aPolice - India - Tamil Nadu aPolice aIndian Police Journal